Géographie africaine (QCM) - Statistiques

Statistiques générales
  • Ce quiz a été pris 375 fois
  • Le résultat moyen est 12 sur 20
Statistiques - réponses
Question Réponse % Correct
Quelle est le plus grand pays du continent? Algérie
97%
Quel fleuve d'Afrique est le plus long? Nil
97%
Quel est le point culminant de l'Afrique? Le Kilimandjaro
88%
Quelle est le pays le plus peuplé d'Afrique? Nigeria
82%
Quel est le plus grand lac d'Afrique? Lac Victoria
74%
Parmi ces fleuves, lequel est celui qui se jette dans l'Océan Indien? Zambèze
71%
Quelle langue n'est pas parlée en Afrique? Aymara
68%
À quelle altitude culmine-t-il? 5891 m
62%
Quel pays est le plus occidental? Cap-Vert
62%
Quel bassin hydrographique n'est pas recouvert par la région des Grands Lacs? Niger
53%
Quelle est la ville la plus peuplée d'Afrique? Lagos
50%
Comment appelle-t-on la formation continentale formant l'unique passage terrestre entre l'Afrique et l'Asie? Isthme de Suez
47%
Quel fleuve a le plus haut débit? Congo
44%
Quel massif montagneux ou chaîne de montagnes ne se situe pas en Afrique? Karakoram
44%
Quelle mer ne borde pas le continent africain? Mer des Laquedives
44%
Qu'est-ce que le Drakensberg? Une chaîne de montagnes
44%
Quel pourcentage du territoire africain est dépourvu d'hydrographie (fleuves, lacs,...)? environ 33%
41%
Depuis quelle ville peut-on admirer la montagne de la Table? Le Cap
32%
Quel fleuve a le plus grand bassin hydrographique du continent? Congo
29%
Quelle affirmation sur le Kilimandjaro est fausse? La première ascension ne s'est faite que tardivement, en 1975
29%
Aucun quiz correspondant
Distribution des résultats
% des personnes avec chaque résultat
Percentile par nombre de réponses
Votre historique - résultats
Vous n’avez pas pris ce quiz